000 00479nab a2200145Ia 4500
003 ES-SlBCS
005 20210601133827.0
008 140529s1990 xxu||||| |||| 00| 0 por d
041 _apor
100 1 _aPizzinga, Rodolfo Domenico
_9210230
245 0 0 _aUm Estudo sobre a Moral cum Base no Pensamento de Cunha Seixas
_c Rodolfo Domenico Pizzinga
600 1 4 _aSeixas, Cunha
_9210256
773 0 _tPresença Filosofica
_gvol. 15, nº. 1-2, 1990, págs. 76-98
_wRev966
942 _cAR
999 _c602759
_d602759